000 00307nam a22001337a 4500
008 170612b xxu||||| |||| 00| 0 eng d
020 _a9781437755848
041 _aeng
080 _24TH
_a343.9
100 _a13
101 _aSHJ
245 _aCRIMINAL JUSTICE PROFESSIONALS
_cMILLER,L.S
942 _2udc
_cBK
999 _c16954
_d16954